Statistics for Monarchs of England/ United Kingdom, 1066-present

Click here to take the quiz!

General Stats

  • This quiz has been taken 1,761 times
  • The average score is 30 of 41

Answer Stats

Reign Monarch % Correct
1066-1087William I
93%
1087-1100William II
84%
1952-presentElizabeth II
84%
1837-1901Victoria
82%
1509-1547Henry VIII
81%
1558-1603Elizabeth I
80%
1485-1509Henry VII
80%
1936-1952George VI
79%
1100-1135Henry I
78%
1910-1936George V
77%
1553-1558Mary I
76%
1936Edward VIII
75%
1603-1625James I
75%
1547-1553Edward VI
75%
1625-1649Charles I
74%
1154-1189Henry II
74%
1660-1685Charles II
74%
1199-1216John
73%
1901-1910Edward VII
73%
1189-1199Richard I
72%
1422-1461, 1470-1471Henry VI
71%
1216-1272Henry III
71%
1760-1820George III
70%
1483-1485Richard III
70%
1413-1422Henry V
70%
1272-1307Edward I
69%
1135-1154Stephen of Blois
69%
1307-1327Edward II
69%
1399-1413Henry IV
69%
1714-1727George I
68%
1727-1760George II
68%
1685-1688James II
68%
1820-1830George IV
68%
1327-1377Edward III
68%
1377-1399Richard II
66%
1461-1470, 1471-1483Edward IV
65%
1483Edward V
65%
1702-1714Anne
60%
1689-1702William III
57%
1830-1837William IV
57%
1689-1694Mary II
54%

Score Distribution

Percentile by Number Answered

Percent of People with Each Score

Your Score History

You have not taken this quiz